[Event "Vojvodina-chT"]
[Site "Kac"]
[Date "2016.11.20"]
[Round "8.1"]
[White "Somborski, Nebojsa"]
[Black "Pezelj, Novak"]
[Result "1/2-1/2"]
[WhiteElo "2327"]
[BlackElo "2447"]
[PlyCount "47"]
[EventDate "2016.11.15"]
[EventType "team-tourn"]
[EventRounds "11"]
[EventCountry "SRB"]
[SourceTitle "CBM 175 Extra"]
[Source "ChessBase"]
[SourceDate "2016.12.12"]
[SourceVersion "1"]
[SourceVersionDate "2016.12.12"]
[SourceQuality "1"]
[WhiteTeam "Krajisnik Krajina"]
[BlackTeam "Backa Pacir"]
[WhiteTeamCountry "SRB"]
[BlackTeamCountry "SRB"]

1. e4 c5 2. Nf3 e6 3. d4 cxd4 4. Nxd4 Nc6 5. Nb5 d6 6. c4 Nf6 7. N1c3 a6 8. Na3 Qa5 9. Bd2 Be7 10. Be2 0-0 11. 0-0 Qe5 12. Bf3 Nd4 13. Nc2 Nxf3+ 14. Qxf3 Bd7 15. Rac1 Rfc8 16. b3 b5 17. Bf4 Qh5 18. Ne3 Bc6 19. Rfd1 b4 20. Ne2 Qc5 21. Ng3 Rd8 22. Nc2 Qb6 23. Qe2 a5 24. Nd4 1/2-1/2

[Event "Palic Karadzic Memorial op"]
[Site "Palic"]
[Date "2016.11.01"]
[Round "5"]
[White "Gabric, Goran"]
[Black "Somborski, Nebojsa"]
[Result "1/2-1/2"]
[WhiteElo "2214"]
[BlackElo "2327"]
[PlyCount "66"]
[EventDate "2016.10.29"]
[EventType "swiss"]
[EventRounds "9"]
[EventCountry "SRB"]
[SourceTitle "CBM 175 Extra"]
[Source "ChessBase"]
[SourceDate "2016.12.12"]
[SourceVersion "1"]
[SourceVersionDate "2016.12.12"]
[SourceQuality "1"]

1. e4 e5 2. Nf3 Nc6 3. Bb5 a6 4. Ba4 Nf6 5. d4 exd4 6. 0-0 Be7 7. Re1 b5 8. Bb3 d6 9. a4 Bg4 10. axb5 axb5 11. Rxa8 Qxa8 12. Na3 0-0 13. Nxb5 Bxf3 14. gxf3 Qa5 15. Na3 Qh5 16. Nc4 Ne5 17. Nxe5 dxe5 18. Qe2 Bb4 19. Rf1 h6 20. Kh1 Nh7 21. Rg1 Be7 22. Qd1 Ng5 23. f4 Qxd1 24. Rxd1 Nxe4 25. Re1 Nc5 26. Bc4 e4 27. b4 Ne6 28. Bd2 Rb8 29. f5 Ng5 30. Bxg5 Bxg5 31. Rxe4 Bf6 32. Bd5 Kf8 33. Bc6 g5 1/2-1/2

[Event "SRB-chT"]
[Site "Kragujevac"]
[Date "2015.08.25"]
[Round "6.3"]
[White "Somborski, Nebojsa"]
[Black "Sedlak, Nikola"]
[Result "1/2-1/2"]
[WhiteElo "2326"]
[BlackElo "2549"]
[PlyCount "140"]
[EventDate "2015.08.20"]
[EventType "team-tourn"]
[EventRounds "11"]
[EventCountry "YUG"]
[SourceTitle "EXT 2016"]
[Source "ChessBase"]
[SourceDate "2015.10.08"]
[SourceVersion "1"]
[SourceVersionDate "2015.10.08"]
[SourceQuality "1"]
[WhiteTeam "Krajisnik Krajina"]
[BlackTeam "Subotica Spartak"]
[WhiteTeamCountry "SRB"]
[BlackTeamCountry "SRB"]

1. e4 e6 2. d4 d5 3. Nd2 c5 4. exd5 exd5 5. Ngf3 Nc6 6. Bb5 Qe7+ 7. Be2 cxd4 8. 0-0 Nf6 9. Nb3 Qc7 10. Nbxd4 Be7 11. Bg5 0-0 12. c3 Be6 13. Re1 Rae8 14. h3 Ne4 15. Bxe7 Rxe7 16. Bd3 Bc8 17. Re2 Rfe8 18. Qc2 Qf4 19. Rae1 h6 20. a3 Nxd4 21. Nxd4 Re5 22. Nf3 R5e6 23. Nd4 Re5 24. Nf3 R5e7 25. Nd4 Qg5 26. Bxe4 dxe4 27. Rxe4 Rxe4 28. Rxe4 Rd8 29. h4 Qg6 30. Qe2 Bd7 31. Re7 Qd6 32. Qe5 Qxe5 33. Rxe5 Kf8 34. f3 f6 35. Re3 Kf7 36. Kf2 h5 37. Rd3 Rc8 38. Rd2 Ke7 39. Ne2 Be8 40. Ke3 Rc5 41. Rd4 Bf7 42. Nf4 g5 43. Nd3 Rb5 44. b4 Rf5 45. c4 gxh4 46. Rxh4 Rg5 47. Re4+ Kd6 48. Nf4 Re5 49. Kd4 b6 50. Nd3 Rg5 51. Nf4 Re5 52. Ne2 Rg5 53. g3 Rg8 54. Re3 Rc8 55. Rc3 Re8 56. Rc2 Re5 57. Rd2 Re8 58. Rb2 Rh8 59. Nc3 h4 60. Rh2 h3 61. Ne4+ Ke7 62. c5 bxc5+ 63. bxc5 Be6 64. Ke3 Rb8 65. g4 f5 66. gxf5 Bxf5 67. Kf4 Bd7 68. Ng5 Rb5 69. Nxh3 Rxc5 70. Nf2 Ra5 1/2-1/2

[Event "SRB-chT"]
[Site "Kragujevac"]
[Date "2015.08.21"]
[Round "2.1"]
[White "Somborski, Nebojsa"]
[Black "Nenezic, Marko"]
[Result "0-1"]
[WhiteElo "2326"]
[BlackElo "2460"]
[PlyCount "130"]
[EventDate "2015.08.20"]
[EventType "team-tourn"]
[EventRounds "11"]
[EventCountry "YUG"]
[SourceTitle "EXT 2016"]
[Source "ChessBase"]
[SourceDate "2015.10.08"]
[SourceVersion "1"]
[SourceVersionDate "2015.10.08"]
[SourceQuality "1"]
[WhiteTeam "Krajisnik Krajina"]
[BlackTeam "Kraljevo Sloga Turist"]
[WhiteTeamCountry "SRB"]
[BlackTeamCountry "SRB"]

1. e4 c5 2. Nf3 d6 3. d4 cxd4 4. Nxd4 Nf6 5. Nc3 a6 6. Be3 Ng4 7. Bc1 Nf6 8. Be3 e5 9. Nf3 Be7 10. Bc4 0-0 11. 0-0 Be6 12. Bxe6 fxe6 13. Na4 Ng4 14. Qd3 Nxe3 15. Qxe3 b5 16. Nb6 Ra7 17. Nd5 Rb7 18. Qd3 Nd7 19. b4 Nb6 20. Nxb6 Qxb6 21. a4 Rc8 22. Qb3 Kf7 23. axb5 axb5 24. Ne1 Rbc7 25. Qf3+ Bf6 26. Qh5+ Kg8 27. Qg4 Re8 28. Ra2 Rc4 29. Qh5 g6 30. Qf3 Bg7 31. Nd3 Qb7 32. Re1 d5 33. Nc5 Qf7 34. Qb3 Bf8 35. Nd3 Rxe4 36. Rxe4 dxe4 37. Nc5 Qf4 38. g3 Qf3 39. Ra6 Rd8 40. Qxe6+ Kh8 41. Qf6+ Qxf6 42. Rxf6 Bxc5 43. bxc5 Rd1+ 44. Kg2 Rd2 45. Kf1 Rxc2 46. c6 Kg7 47. Re6 b4 48. Re7+ Kf6 49. Rb7 Rxc6 50. Rxb4 Kf5 51. Kg2 Rc2 52. Rb3 g5 53. h3 h5 54. Re3 Rb2 55. Re1 Rb3 56. Re2 Ra3 57. Re1 e3 58. fxe3 Ra2+ 59. Kf1 Ke4 60. Re2 Ra1+ 61. Kf2 Rh1 62. Kg2 Rd1 63. g4 hxg4 64. hxg4 Kd3 65. Rf2 Rd2 0-1